00846nam a22002538a 450000500170000000800410001701000140005802000260007203500130009803700150011104000180012608200080014410000200015224501770017226000350034927000510038430000320043565000100046765000210047765000130049865000260051170000250053770000300056220080117135314.0070807s2007 flu b 000 0 eng  aENG-92392 a9788189975340c275.00 aEN-75925 bDBAD / PUB adplbEnglish  a158 aCanfield, Jack, aLife lessons for loving the way you live :b7 essential ingredients for finding balance and serenity /cby Jack Canfield, Mark Victor Hansen [and] Jennifer Read Hawthorne. aChennaibWestland Books c2007 a571, P.H. Road, Aminjikarai, bChennaie600029 axvi, 333 p. ;c20 cm (pbk)  aLife. aConduct of life. aSuccess. aSelf-help techniques. aHansen, Mark Victor. aHawthorne, Jennifer Read.